| Tag |
First Indicator |
Second Indicator |
Subfields |
| LEADER |
00000cam a2200000 4500 |
| 001 |
in00000018645 |
| 005 |
20151007054021.0 |
| 008 |
720817s1958 nyuaf 00010aeng |
| 010 |
|
|
|a 57011077
|
| 035 |
|
|
|a (OCoLC)00384475
|
| 035 |
|
|
|9 AAB3704AM
|
| 040 |
|
|
|a DLC
|c KSU
|d OCL
|d TXA
|d UtOrBLW
|
| 049 |
|
|
|a TXAM
|c [A11109432]
|
| 050 |
0 |
0 |
|a CT275.V233
|b A28
|
| 100 |
1 |
|
|a Vanderbilt, Gloria Morgan,
|d 1904-1965.
|
| 245 |
1 |
0 |
|a Double exposure :
|b a twin autobiography /
|c by Gloria Vanderbilt and Thelma Lady Furness.
|
| 264 |
|
1 |
|a New York :
|b D. McKay Co.,
|c [1958]
|
| 264 |
|
4 |
|c [©1958]
|
| 300 |
|
|
|a xi, 369 pages, 16 unnumbered pages of plates :
|b illustrations ;
|c 22 cm.
|
| 336 |
|
|
|a text
|b txt
|2 rdacontent
|
| 337 |
|
|
|a unmediated
|b n
|2 rdamedia
|
| 338 |
|
|
|a volume
|b nc
|2 rdacarrier
|
| 700 |
1 |
|
|a Furness, Thelma (Morgan),
|c Lady,
|d 1904-
|
| 999 |
|
|
|a MARS
|
| 999 |
f |
f |
|s db6d1902-0580-38d1-bd4e-dc679f54f1c4
|i 9187213d-038c-3bcc-a243-acdf915d66ad
|t 0
|
| 952 |
f |
f |
|p ric
|a Texas A&M University
|b Rellis Campus
|c Joint Library Facility
|d Remote Storage
|t 0
|e CT275.V233 A28
|h Library of Congress classification
|i unmediated -- volume
|m A14811109432
|
| 998 |
f |
f |
|a CT275.V233 A28
|t 0
|l Remote Storage
|